01150caa a22001932a 4500001000900000003001100009008004300020100002100063245006800084300001600152500012700168700002600295773010800321773010800429773010800537773010900645773010100754773010100855 006162 AR-FADEU 311216n########xxu####################dd aCarroll, John B. aLa función de las clasificaciones de la lengua en la conducta aPP. 141-164 aEn: Comunicación y cultura. Tomo III: Semántica y pragmática / Alfred G. Simith. Buenos Aires : Nueva Visión, 1977 aJoseph B., Casagrande0 07314aSmith, Alfred G., comp.bdBuenos Aireso6214tComunicación y culturaw( AR-FADEU) 001476xz0 07314aSmith, Alfred G., comp.bdBuenos Aireso6216tComunicación y culturaw( AR-FADEU) 001476xz0 07314aSmith, Alfred G., comp.bdBuenos Aireso5131tComunicación y culturaw( AR-FADEU) 001476xz0 07314aSmith, Alfred G., comp.bdBuenos Aireso20115tComunicación y culturaw( AR-FADEU) 001476xz0 08086aSmith, Alfred G.bdBuenos Aireso6213tComunicación y culturaw( AR-FADEU) 002252xz0 08086aSmith, Alfred G.bdBuenos Aireso6215tComunicación y culturaw( AR-FADEU) 002252xz